[Event "Sofia MTel Masters 2nd"]
[Site "Sofia"]
[Date "2006.05.21"]
[Round "10"]
[White "Topalov, Veselin"]
[Black "Bacrot, Etienne"]
[Result "1-0"]
[WhiteElo "2804"]
[BlackElo "2708"]
[Annotator "Rogozenco,D"]
[PlyCount "83"]
[EventDate "2006.05.11"]
[EventType "tourn"]
[EventRounds "10"]
[EventCountry "BUL"]
[EventCategory "20"]
[SourceTitle "CBM 113"]
[Source "ChessBase"]
[SourceDate "2006.07.31"]
[SourceVersion "1"]
[SourceVersionDate "2006.07.31"]
[SourceQuality "1"]

{This victory from the last round helped Topalov to become the sole winner of
Mtel Masters for the second time.} 1. d4 d5 2. c4 c6 3. Nf3 Nf6 4. Nc3 a6 5. c5
Nbd7 6. Bf4 Nh5 7. Bd2 Nhf6 8. Rc1 {Topalov's specialty in Sofia. Neither
Kamsky, nor Bacrot could solve opening problems after this move.} (8. Qc2) 8...
e5 $146 {This natural move is a novelty. Bacrot tries to improve on Kamsky's
play from round five, but he underestimated White's resources. The game shows
that 8...e5 is inferior to 8...g6.} (8... g6 9. h3 Qc7 ({Possibly the best
chances to equalize offers} 9... Bg7 10. Bf4 Ne4) 10. g3 Bg7 (10... e5 11. Nxe5
Nxe5 12. Bf4 (12. dxe5 Qxe5 13. Na4 $1 $13) 12... Nfd7 13. e4 $5 ({More
ambitious than} 13. dxe5 Nxe5 14. Bg2 Bg7 15. O-O O-O 16. e4 $14) 13... g5 (
13... Bxc5 14. dxc5 O-O 15. Bg2 Nxc5 16. O-O $44) 14. Bxg5 Ng6 15. exd5 Bg7 16.
Qe2+ (16. Bg2 O-O 17. O-O $36) 16... Kf8 17. d6 Qa5 18. Be3 b6 19. Bg2 $13 {
1/2-1/2 Vallejo Pons,F (2650)-Topalov,V (2801)/Monte Carlo MNC 2006 (38)} (19.
Qf3 $1 $16 {[%cal Gf1c4]})) 11. Bf4 Qd8 $146 (11... Qa5 12. Qd2 Nh5 13. Bg5
Nhf6 14. Bg2 h6 15. Be3 $16 {1-0 Filip,L (2385)-Nevednichy,B (2302)/Timisoara
2005 (33)}) 12. Bg2 Nh5 (12... O-O $5) 13. Bg5 h6 14. Bd2 O-O 15. e4 $14 {
1-0 Topalov,V (2804)-Kamsky,G (2671)/Sofia 2006 (42)}) (8... Qc7 9. g3 $14) 9.
Nxe5 ({After} 9. dxe5 {White must reckon with} Ne4 $13) 9... Nxe5 10. dxe5 Ng4
({Now after} 10... Ne4 {White keeps advantage with} 11. Nxe4 (11. Na4 Qc7 $11)
11... dxe4 12. g3 {since both 12...Qd5 and 12...Qd4 run into 13.Ba5+/-.}) 11.
Na4 {The knight is only temporary on a4. In fact Topalov's last move besides
protecting pawn c5, also cleverly exploits the weakness on b6.} Nxe5 (11... Bf5
12. Bc3 Qe7 13. Qd4 $16) 12. Bc3 ({Stronger than} 12. Nb6 Rb8 13. Bf4 Qf6 (
13... f6 14. Qd4 $14) 14. e3 (14. Qd2 Be6 15. Qe3 {unexpectedly favours Black:}
Ng4 16. Qg3 Qxb2 17. h3 Ne5 18. Na4 Qb4+ 19. Nc3 d4 20. Bxe5 Rd8 $132) 14... g5
15. Bg3 {when White is just marginally better}) 12... f6 {An ugly move,
especially given the fact that White can exchange opponent's light-squared
bishop. On the other hand Bacrot didn't have a choice - it is difficult for
Black to deal with White's pressure on the long diagonal.} (12... Nd7 13. Bd4
Nf6) 13. Nb6 $1 {White plays very simple: the bishop pair secures a stable
advantage. In the game Topalov convincingly converted it into a full point.} ({
Weaker is} 13. e3 Bf5 14. Be2 Be7 15. O-O O-O {1-0 Javakhishvili,L (2410)
-Milliet,S (2330)/Turin 2006 (51) and Black has no problems.}) 13... Rb8 14.
Nxc8 Rxc8 15. g3 $1 {As it often happens, a pawn move that closes one diagonal
weakens another one. After the move 12...f6 Black has problems with the
diagonal c8-h3.} Qd7 16. h4 $1 {In spite of his novelty, the opening outcome
is not satisfactory for Bacrot - Black must suffer with basically no
perspectives for any activity. Besides, White has a clear and easy play.} Qf7
17. Bh3 Nd7 ({Nothing changes} 17... Rd8 18. f4 {and the jump on c4 is hardly
better than the retreat on d7:} Nc4 (18... Nd7 19. b4 {leads to the game}) 19.
Bd4 ({or} 19. Qd4 Qe7 20. b3 Na3 21. Ba5 Ra8 22. Kf2 $16) 19... Be7 20. h5 O-O
(20... g6 21. Qb3 Rb8 22. e4 $16) 21. Bf5 $16 {However, the move 17...Rd8 is
more logical, since in the game White could play 19.h5 instead of 19.f4.}) 18.
b4 Rd8 19. f4 (19. h5 {at once was strong as well, but possibly Topalov didn't
want to deviate from his initial intentions (Black could achieve this position,
had he started with 17...Rd8). I wouldn't be surprised if all this is still
home preparation...}) 19... Be7 20. h5 $1 {A powerful play. The World Champion
increases the space advantage and creates targets for his bishops. Black
completely lacks coordination due to the fact that his pieces have no good
squares.} g6 $6 {It must be very painful to produce such a move, especially
for a high-class player like Bacrot. The Frenchman tries to prevent White from
switching the bishop to b1-h7 diagonal, but it offers White a lot of other
possibilities. His plan to continue ...Rg8, ...f5 and then ...Nd7-f6 is too
slow.} ({Probably White's task would have been more difficult after} 20... O-O
21. Bf5 Rfe8 {[%cal Gd7f8] with a passive, but relatively solid position.}) 21.
Qb3 {Pointing out light-squared weaknesses in Black's position. The idea is to
play quickly e2-e4 and then penetrate with the bishop on e6.} (21. hxg6 hxg6 {,
} 22. Bxd7+ $2 Kxd7 {and the rook on h8 is protected}) 21... Rg8 22. e4 $1 gxh5
{Bacrot tries to create some counterplay, hoping to complicate opponent's task.
} ({Another option was to stick to the initial plan and try to defend the
position after} 22... f5 23. exd5 Qxd5 (23... cxd5 24. Bg2 Nf6 25. Bxf6 Bxf6
26. Rd1 $16 {/+-}) 24. Qxd5 cxd5 25. hxg6 hxg6 26. Bg2 Nf6 $16) 23. exd5 cxd5 (
23... Qxd5 24. Qxd5 cxd5 25. Kf2 $16) 24. Kf2 (24. Bd4 f5 ({As indicated by S.
Shipov, the endgame after} 24... Qg6 25. Kd2 Qxg3 26. Rcg1 Qxb3 27. Rxg8+ Kf7
28. axb3 Kxg8 29. Be6+ {is difficult for Black}) 25. Qd3 h4 26. gxh4 $1 {
would have kept a larger advantage.}) 24... h4 $1 (24... f5 25. Bg2 Nf6 26.
Bxf6 Bxf6 27. Rcd1 $16) 25. Bxd7+ $1 {A good practical decision, confirming
the well-known saying about the bishops pair. Topalov doesn't wish to allow
any activity for his opponent.} (25. gxh4 f5 $132 {[%csl Rh4][%cal Gd7f6]}) ({
Preventing the advance ...f5 by means of} 25. Bf5 {allows activity anyway:}
Rxg3 (25... hxg3+ 26. Kg2 $16) 26. Rxh4 Qg7 $1 {and somehow Black is able to
create threats with little forces.}) (25. g4 Kf8 $13) 25... Rxd7 26. Rxh4 d4 {
The arising endgame is difficult for Black, although the desire to exchange
queens is understandable.} ({Chances for counterplay offers} 26... f5 27. Rh3 (
{Better is} 27. Rhh1) 27... Bf6 {with the idea} 28. Bxf6 Qxf6 29. Re1+ Kd8 30.
Re5 Re8 31. Rxd5 Qc6 $132) 27. Qxf7+ Kxf7 28. Bd2 Rg7 29. Rh5 $1 {Preventing ..
.f6-f5.} Bf8 ({More stubborn is} 29... d3 {and White's plan from the game
doesn't work:} 30. c6 $2 (30. Kf3 $16) 30... bxc6 31. Rxc6 Bxb4 $1 32. Bxb4 d2
33. Rh6 Rg6 34. Rxh7+ Rg7 35. Rxg7+ Kxg7 36. Bxd2 Rxd2+ 37. Ke3 Rxa2 $11) 30.
c6 $1 bxc6 31. Rxc6 {The rest is a matter of technique, since Black is unable
to avoid the loss of at least a pawn.} d3 (31... Rd6 32. Rxd6 Bxd6 33. Ra5 $18)
32. Rxa6 Kg8 (32... Bxb4 33. Bxb4 d2 34. Rh6 $1 $18 {winning the second pawn
after} Rg6 (34... d1=Q 35. Raxf6+ Ke8 36. Rf8#) (34... d1=N+ 35. Ke2 Rxg3 36.
Rxh7+ Rg7 37. Rxg7+ Kxg7 38. a4 $18) 35. Rxh7+ Rg7 36. Rxg7+ Kxg7 37. Bxd2
Rxd2+ 38. Ke3 $18) 33. Rh1 (33. Rxf6 $2 Rge7 $132) 33... Rde7 34. Kf3 Re2 35.
Rd1 {Black's activity is a temporary factor.} h5 (35... f5 36. Be3 Bxb4 37.
Rxd3 Re1 38. Rd8+ Kf7 39. Rd5 $18) 36. Rxf6 h4 37. gxh4 {It turns out that
Black does not have any dangerous threats.} Rgg2 38. Be3 Be7 39. Ra6 Rxa2 40.
b5 Rab2 41. Rxd3 Bxh4 42. Rd7 1-0

[Event "Hoogeveen Essent Crown 10th"]
[Site "Hoogeveen"]
[Date "2006.10.27"]
[Round "5"]
[White "Sokolov, Ivan"]
[Black "Topalov, Veselin"]
[Result "0-1"]
[WhiteElo "2670"]
[BlackElo "2813"]
[Annotator "Marin,M"]
[PlyCount "94"]
[EventDate "2006.10.22"]
[EventType "tourn"]
[EventRounds "6"]
[EventCountry "NED"]
[EventCategory "20"]
[SourceTitle "CBM 115"]
[Source "ChessBase"]
[SourceDate "2006.11.15"]
[SourceVersion "1"]
[SourceVersionDate "2006.11.15"]
[SourceQuality "1"]

1. d4 Nf6 2. Nf3 {After his spectacular loss against Judit Polgar, Sokolov
does not seem inclined to enter the Nimzo-Indian again, although he generally
has good results against this opening. By delaying the advance of the c-pawn,
he probably wanted to avoid two other occasional weapons of Topalov, the
Benoni and the Volga-Benkö.} c5 {Indeed, Sokolov seems to have felt his
opponent's mood quite well: Topalov desperately needed to win in order to
recover after the catastrophyc start.} 3. d5 g6 4. Nc3 Bg7 5. e4 d6 6. Bb5+ {
The most ambitious move, aiming to provoke some lack of coordination in the
enemy camp.} Nfd7 ({Sokolov only had some old experience with this system,
which rises the question whether his opening choice for this game was really
that inspired.} 6... Nbd7 {0-1 Sokolov,I (2630)-Minasian,A (2565)/Ljubljana
1995/CBM 051/[Stohl] (34)}) 7. a4 Na6 {The most restrictive move order.} ({
If Black delays the transfer of the knight to c7 by castling firts, White is
just in time to regroup perfectly.} 7... O-O 8. O-O Na6 9. Re1 Nc7 10. Bf1 $1 {
In the game, the bishop will not have this square at his disposal.} a6 (10...
Nf6 $6 {loses too much time, since White has used the 2 extra-tempi to regroup
perfectly.} 11. h3 b6 12. Bf4 Bb7 13. Qd2 a6 14. Rab1 Qd7 15. b4 $16 {1-0
Lerner,K (2520)-Razuvaev,Y (2525)/Beltsy 1981/EXT 2002 (30)}) 11. Bf4 Rb8 {
[%cal Yb7b5]} 12. a5 $1 (12. e5 $6 {[%csl Gd5] is premature.} dxe5 13. Nxe5
Nxe5 14. Bxe5 Bxe5 15. Rxe5 b5 16. axb5 axb5 {The e7-pawn is not weaker than
the d5-pawn.} 17. Qd2 (17. Ra7 b4 18. Na4 Qd6 $11 19. Rxe7 $2 {0-1 Mateuta,G 
(2475)-Kovacevic,A (2485)/Bucharest 1997/EXT 2001 (73)} Qxe7 20. d6 Rd8 21.
dxc7 Qxc7 22. Rxc7 Rxd1 $19) 17... b4 18. Na4 Qd6 19. Rae1 Bd7 20. b3 Bxa4 21.
bxa4 e6 22. Qh6 Nxd5 23. Bc4 Nf6 24. Qg5 Kg7 25. Rxc5 {1/2-1/2 Polgar,Z (2545)
-Hartman,B (2400)/North Bay 1995/EXT 2002 (28)} Ng4 $1 26. g3 h6 $1 $19) {
The thematic} 12... Nb5 {fails to generate adequate queen side counterplay and
leaves White with the initiative.} (12... f6 $6 {[%csl Gg7]} 13. Nd2 b5 14.
axb6 Nxb6 15. Nb3 $16 {[%cal Yb3a5,Ya5c6]} Qe8 $2 {[%cal Yc7b5]} 16. Nxc5 $1
$18 {1-0 Iordachescu,V (2500)-Timagin,P/Bad Wiessee 1997/CBM 061 ext (39)}) (
12... b5 13. axb6 Nxb6 {[%cal Rc8g4]} 14. Ra2 {[%csl Gb2]} (14. h3 {1/2-1/2
Kononenko,T (2370)-Calzetta Ruiz,M (2278)/Varna 2002/CBM 088 ext (91)} Nb5 $5
$132) 14... Bg4 15. h3 Bxf3 16. Qxf3 $14 {[%csl Ya6,Rf1,Rf4]}) (12... Nf6 {
Again, this move just wastes time.} 13. h3 b5 14. axb6 (14. e5 $5 Nfe8 15. b4 {
1-0 Miladinovic,I (2555)-Velickovic,S (2400)/Aegina 1995/EXT 97 (60)} Bb7 $5
$132 {[%csl Yd5,Ye5]}) 14... Rxb6 15. Ra2 $14) 13. Nxb5 axb5 14. c3 b4 (14...
c4 15. Nd4 $14) (14... Ra8 15. Bxb5 Rxa5 16. Qe2 $14 {and the queen side pawns
are blocked.}) 15. e5 (15. cxb4 Bxb2 16. bxc5 Bxa1 17. Qxa1 Nxc5 18. Bh6 f6 19.
Bxf8 Kxf8 20. Nd2 b5 $11) 15... dxe5 16. Nxe5 Nxe5 17. Bxe5 Bxe5 18. Rxe5 bxc3
19. bxc3 Qd6 20. Qe2 e6 21. Rd1 $1 (21. dxe6 Bxe6 {with a reasonable position
for Black.}) 21... f6 22. Rxe6 Bxe6 23. dxe6 $44) 8. O-O Nc7 9. Re1 {A double
edged decision. White clears the f1-square for the bishop, hoping that the
exchange on b5 would leave him with a favourable queen side configuration.} ({
Curiously, Topalov had had this position only once before, but with the white
pieces.} 9. Bc4 O-O 10. Re1 a6 11. Bf4 Rb8 12. Qd3 Nb6 (12... b5 $6 13. axb5
Nb6 14. bxa6 $1 $16 {1-0 Topalov,V (2455)-Velimirovic,D (2520)/Vrnjacka Banja
1991/CBM 023/[Schussler] (26)}) 13. b3 (13. Bb3 $5 Bg4 14. Nd2 {[%csl Gg4]
[%cal Ya4a5]} Nc8 {[%cal Yb7b5]} 15. a5 Bd7 {[%cal Yc7b5]}) 13... Bg4 14. e5
Bxf3 15. Qxf3 dxe5 16. Bxe5 Bxe5 17. Rxe5 Nd7 18. Ree1 b5 $132 {1/2-1/2
Eljanov,P (2447)-Brodsky,M (2512)/Polanica Zdroj 1999/EXT 2000 (40)}) 9... Nxb5
10. axb5 O-O 11. Bf4 Nb6 {Immediately taking advantage of two positive effects
of the exchange on b5. The knight is very stable on b6 now, while the
c4-square is vulnerable.} (11... f6 $5 {As we shall see, this is a typical
move under the newly created circumstances. Black prevents the central break
e5 in radical, way, without fearing the weakness of the e6-square once the
enemy light-squared bishop has been removed. The passivity of the g7-bishop is
temporary, because ...f5 is hard to prevent on long term. The only question is
whether ...f6 should be played at such an early stage.} 12. Ra3 Nb6 13. Qa1 Qc7
14. Rxa7 Rxa7 15. Qxa7 Bg4 16. Qa2 Bxf3 17. gxf3 Kh8 ({There was no need for
this prophylactic move, since after} 17... f5 $132 {White cannot generate
threats along the a2-g8 diagonal:} 18. e5 Ra8 19. Qb3 Bxe5 20. Bxe5 c4 $1) 18.
Ne2 Ra8 19. Qb3 Qd7 20. Bd2 c4 21. Qe3 Qxb5 22. Nd4 $14 {1-0 Laketic,G (2425)
-Velimirovic,D (2515)/Niksic 1997/CBM 059 ext (49)}) 12. e5 {After installing
the knight on b6, Black is ready to play ...f6, which justifies Sokolov's
resolute actionin the centre.} (12. h3 f6 13. Qd3 Qc7 14. Ra3 Bd7 15. Rea1 f5
$1 {[%csl Yd5][%cal Rg7b2]} 16. Ng5 h6 17. Ne6 Bxe6 18. dxe6 g5 19. Bd2 fxe4
20. Qxe4 d5 $1 21. Qe2 (21. Nxd5 $2 Nxd5 22. Qxd5 Rad8 {[%csl Gd2]}) 21... Rf5
22. Rxa7 Raf8 $44 {[%csl Gf2] 0-1 Rajkovic,D (2460)-Velimirovic,D (2525)/
Svetozarevo 1990/EXT 97 (40)}) 12... Bf5 13. h3 {White's advantage of space in
the centre is quite impressive, at least optically speaking. However, it is
not easy to make any concrete progress. Black has a flexible position and a
stable placement of the pieces. Besides, the d5-pawn could become weak in the
long run.} h6 {[%cal Yg6g5,Yf7f6] The start of an ambitious plan. Black will
place his kingside pawns on dark squares, in order to enable higher mobility
to his light-squared bishop and restrict the enemy bishop at the same time.}
14. Qe2 g5 15. Bg3 Qd7 $13 16. h4 $6 {White weakens the g4-square in order to
provoke a move that formed part of Black's plan anyway.} f6 17. e6 Qe8 {
White has won even more space, but his minor pieces are strongly restricted by
the enemy chain of pawns.} 18. Nh2 Bg6 19. f4 Bh5 20. Qd3 gxf4 21. Bxf4 Qg6 $15
{Black's position is easier to play.} 22. Nf1 f5 23. Kh2 Qg4 24. Qg3 Qxg3+ 25.
Nxg3 Be8 26. Nge2 Kh7 27. Bg3 Nc4 28. b3 Ne3 29. Rac1 Rg8 30. Nd1 Nxd5 31. c4
Nb4 32. Ne3 a6 33. bxa6 Rxa6 34. Nxf5 Bf6 35. Nf4 Ra2 36. Nd5 Nxd5 37. cxd5 Bh5
38. Rf1 Rd2 39. Ne3 Bd4 40. Nc4 Rd3 41. Bf4 Rxb3 42. Nd2 Rb2 43. Rb1 Bg6 44.
Rxb2 Bxb2 45. Rf3 Rf8 46. Nc4 Be4 47. Bxd6 Bxf3 0-1

[Event "Corus"]
[Site "Wijk aan Zee"]
[Date "2007.01.14"]
[Round "2"]
[White "Topalov, Veselin"]
[Black "Van Wely, Loek"]
[Result "1-0"]
[WhiteElo "2783"]
[BlackElo "2683"]
[Annotator "Ftacnik,L"]
[PlyCount "69"]
[EventDate "2007.01.13"]
[EventType "tourn"]
[EventRounds "13"]
[EventCountry "NED"]
[EventCategory "19"]
[SourceTitle "CBM 117"]
[Source "ChessBase"]
[SourceDate "2007.03.30"]
[SourceVersion "1"]
[SourceVersionDate "2007.03.30"]
[SourceQuality "1"]

1. e4 c5 2. Nf3 d6 3. d4 cxd4 4. Nxd4 Nf6 5. Nc3 a6 6. Be3 e5 7. Nb3 Be7 8. Qd2
O-O 9. O-O-O b5 10. f3 Be6 11. Nd5 {This move order is making advance of the
black queenside pawns more challenging.} (11. g4 b4 12. Nd5 Bxd5 13. exd5 a5)
11... Bxd5 12. exd5 Qc7 (12... Nbd7 13. Na5 $1 Qc7 14. Nc6 Bd8 15. Kb1 Nb6 16.
c4 Nxc4 17. Bxc4 bxc4 18. Rc1 Qb7 19. Rhd1 $6 (19. Rxc4 Qb5 20. Rc2 Nxd5 21.
Rd1 Nxe3 22. Qxe3 $14) 19... Qb5 20. Nxd8 Rfxd8 $15 {1/2 Van den Doel,E (2528)
-Neverov,V (2549)/Hoogeveen 1999/ (39)}) 13. g4 Rc8 14. Kb1 b4 15. g5 Nfd7 16.
h4 (16. f4 a5 17. Bh3 a4 18. Nc1 a3 19. b3 Ra5 20. Bf5 g6 21. Be4 Na6 22. Nd3
exf4 23. Bxf4 Nb6 24. Ne1 Bf8 25. h4 Bg7 26. h5 Nc5 27. Bg2 Nca4 28. bxa4 Nxa4
29. Rh3 Nc3+ {0-1 Jakic,I (2246)-Ljubicic,F (2397)/Bibinje 2001/}) 16... a5 17.
Bh3 (17. h5 a4 18. Nc1 Nb6 19. Bxb6 Qxb6 20. g6 b3 21. gxf7+ Kxf7 22. cxb3 axb3
23. Nxb3 Qa7 24. a3 Qa4 25. Qd3 Bf6 26. Qb5 Qa7 27. Bh3 {1-0 Zatonskih,A (2320)
-Calotescu,A (2180)/Bucharest 1998/ (52)}) 17... a4 18. Nc1 Na6 $6 {The first
independent move seems to be flawed, as black will find it hard to make
progress with his counterplay.} (18... a3 19. b3 Ra5 20. Rh2 (20. Bf5 $5) 20...
Na6 21. h5 Qc3 22. Qxc3 Rxc3 23. Nd3 (23. Re2 Rxe3 24. Rxe3 Bxg5 25. Re4 Nb6 {
1/2 Mamedov,N (2517)-Maenhout,T (2282)/Instanbul 2005/ (42)}) 23... Ndc5 24.
Bd2 Nxd3 25. Bxc3 Nf4 26. Be1 Nxd5 27. g6 $16 {0-1 Stander,H (2128)-Maenhout,T
(2282)/Instanbul 2005/ (54)}) 19. h5 Rcb8 (19... a3 20. b3 Rf8 21. Nd3 Nb6 22.
Nf2 $16) 20. g6 Bf6 21. gxf7+ (21. gxh7+ $5 Kxh7 22. h6 g6 23. Ne2 $14) 21...
Kxf7 22. Be6+ Kf8 $2 (22... Ke7 $1 23. Nd3 $14) 23. b3 $2 {Fortunatelly for
Topalov the mistakes of both sides are not of the same magnitude. Black's king
retreat could have been punished by the immediate 23.Qd3!} (23. Qd3 $1 Nac5 24.
Qxh7 Ke7 25. Bxd7 Nxd7 26. Bg5 $16) 23... Ndc5 24. Rhg1 Qe7 25. Bf5 Kg8 $2 {
[%mdl 256] The second mistake will not go unnoticed, Van Wely has managed to
enhance white's attack.} (25... axb3 26. cxb3 e4 $1 27. f4 Kg8 $11) 26. Bxc5 $1
Nxc5 27. Qh6 Kf8 28. Qxh7 Qf7 (28... axb3 $4 29. Qh8+ Kf7 30. Bg6#) 29. Nd3
axb3 30. cxb3 Nxd3 (30... Rxa2 31. Qh8+ (31. Kxa2 $2 Qa7+ 32. Kb1 e4 33. Nb2
Bxb2 34. Kxb2 Qa3+ 35. Kb1 Qxb3+ 36. Kc1 Qc3+ 37. Kb1 Qb3+ $11) 31... Ke7 32.
Qxb8 $18) 31. Rxd3 e4 (31... Qg8 32. Qg6 Qf7 33. h6 Qxg6 34. Rxg6 $18) 32. Be6
exd3 (32... Qa7 33. Qg8+ Ke7 34. Qf7+ Kd8 35. Qf8+ Kc7 36. Rc1+ Kb7 37. Qf7+
Ka6 38. Rc6+ Rb6 39. Qxa7+ Kxa7 40. fxe4 $16) 33. Bxf7 Rxa2 {The desperate
final slavo is easy to parry..} 34. Qg8+ (34. Kxa2 $4 Ra8+ 35. Kb1 Ra1#) 34...
Ke7 35. Kxa2 1-0